000 00515nam a22001817a 4500
003 NUST-PNEC
005 20170116180745.0
008 150122b xxu||||| |||| 00| 0 eng d
040 _cPNEC
082 _a297.1229 MAU
100 _91233
_aMaududi Abul Ala
245 _aTafheem-ul-Quran Volume 2 (Surah Al-Aaraf - Surah Bane-Israel) - (urdu)
_cAbul Ala Maududi
250 _aVol.2
260 _aLahore :
_bTarjuman ul Quran.
_cc1990.
300 _a712 p. :
_c26 cm.
650 _xIslam
_xHistory
942 _2ddc
_cBK
999 _c62325
_d62325